000
00255nam a2200109Ia 4500
008
190216s9999||||xx |||||||||||||| ||und||
100
_a
Vallathol
245
0
_a
Grandhaviharam
260
_b
Publishing Company Ltd
650
_a
Essay Malayalam
942
_c
BK
999
_c
25132
_d
25132